| 000 | 01083nam0a22002891 4500 | ||
|---|---|---|---|
| 001 | rc\4466984 | ||
| 005 | 20250612092000.0 | ||
| 021 |
_aRU _b[63-5879] |
||
| 035 | _a(NLR Aleph) 008594082 | ||
| 090 |
_a8662039 _c8662039 |
||
| 100 | _a20130416d1962 |||y0rusy50 ca | ||
| 101 | 0 | _arus | |
| 102 | _aRU | ||
| 105 | _ay z ||||| | ||
| 200 | 1 |
_aСтатистика нефтяной промышленности _fПод ред. Г.И. Бакланова и В.В. Джапаридзе |
|
| 210 |
_aМосква _cГосстатиздат _d1962 |
||
| 215 |
_a279 с. _cграф. _d22 |
||
| 225 | 1 | _aПособия по статистике отдельных отраслей промышленности | |
| 606 |
_aСтатистика нефтяной промышленности _2psbo |
||
| 700 | 1 |
_aВыходцев _bС.В. _f1888- _gСемен Васильевич |
|
| 702 | 1 |
_aБакланов _bГ.И. _4340 |
|
| 702 | 1 |
_aДжапаридзе _bВ.В. _4340 |
|
| 801 | 0 |
_aRU _bNLR _gpsbo |
|
| 801 | 1 |
_aRU _bELAR _2rusmarc |
|
| 852 |
_aNLR _j63-5/1129 |
||
| 942 | _cBOOK | ||
| 980 | _aNB | ||